LEADER 02040nas 2200601- 450 001 9910864283003321 005 20240916213021.0 011 $a2949-8058 035 $a(OCoLC)663077808 035 $a(CKB)1000000000310914 035 $a(CONSER)--2006243213 035 $a(DE-599)ZDB3188996-7 035 $a(EXLCZ)991000000000310914 100 $a20051104a201u9999 --- - 101 0 $aeng 135 $aurcnu|||||||| 181 $ctxt$2rdacontent 182 $cc$2rdamedia 183 $acr$2rdacarrier 200 00$aIndian journal of physical medicine & rehabilitation $eofficial publication of Indian Association of Physical Medicine & Rehabilitation 210 1$a[New Delhi, India] :$cIndian Association of Physical Medicine & Rehabilitation 210 31$c[New Delhi, India] :$cWolters Kluwer-Medknow 215 $a1 online resource 300 $aRefereed/Peer-reviewed 311 08$a0973-2209 517 1 $aIndian journal of physical medicine and rehabilitation 517 1 $aIJPMR 531 $aINDIAN JOURNAL OF PHYSICAL MEDICINE AND REHABILITATION 606 $aMedicine, Physical$vPeriodicals 606 $aRehabilitation$vPeriodicals 606 $aMedical rehabilitation$vPeriodicals 606 $aMédecine physique$vPériodiques 606 $aRéadaptation$vPériodiques 606 $apardons$2aat 606 $aMedical rehabilitation$2fast 606 $aMedicine, Physical$2fast 606 $aRehabilitation$2fast 608 $aPeriodical 608 $aPeriodicals$2fast 615 0$aMedicine, Physical 615 0$aRehabilitation 615 0$aMedical rehabilitation 615 6$aMédecine physique 615 6$aRéadaptation 615 7$apardons. 615 7$aMedical rehabilitation 615 7$aMedicine, Physical 615 7$aRehabilitation 712 02$aIndian Association of Physical Medicine & Rehabilitation, 906 $aJOURNAL 912 $a9910864283003321 996 $aIndian journal of physical medicine & rehabilitation$94168427 997 $aUNINA